|
|
|
|
| LEADER |
01766cas a2200241 a 4500 |
| 001 |
AALejournalIMF019499 |
| 008 |
230101c9999 xx r poo 0 0eng d |
| 020 |
|
|
|c 5.00 USD
|
| 020 |
|
|
|z 9781498325172
|
| 022 |
|
|
|a 1934-7685
|
| 040 |
|
|
|a BD-DhAAL
|c BD-DhAAL
|
| 110 |
2 |
|
|a International Monetary Fund.
|b European Dept.
|
| 245 |
1 |
0 |
|a Portugal :
|b 2019 Article IV Consultation-Press Release; Staff Report; and Statement by the Executive Director for Portugal.
|
| 264 |
|
1 |
|a Washington, D.C. :
|b International Monetary Fund,
|c 2019.
|
| 300 |
|
|
|a 1 online resource (75 pages)
|
| 490 |
1 |
|
|a IMF Staff Country Reports
|
| 500 |
|
|
|a <strong>Off-Campus Access:</strong> No User ID or Password Required
|
| 500 |
|
|
|a <strong>On-Campus Access:</strong> No User ID or Password Required
|
| 506 |
|
|
|a Electronic access restricted to authorized BRAC University faculty, staff and students
|
| 520 |
3 |
|
|a After a strong performance in 2017, economic activity has moderated. The second half of 2018 was marked by a deceleration, coinciding with weaker economic activity in Europe. The headline fiscal balance improved, with a small increase in the structural primary balance reflecting a strict budget execution. The current account turned negative in 2018 in conjunction with a deterioration of the balance of trade in goods and services. Total credit to the nonfinancial private sector continued to decline in 2018. Nevertheless, over the last 4 years the Portuguese banking system has been strengthening its balance sheet and its performance.
|
| 538 |
|
|
|a Mode of access: Internet
|
| 830 |
|
0 |
|a IMF Staff Country Reports; Country Report ;
|v No. 2019/221
|
| 856 |
4 |
0 |
|z Full text available on IMF
|u http://elibrary.imf.org/view/journals/002/2019/221/002.2019.issue-221-en.xml
|z IMF e-Library
|